SAFETY AND SECURITY IN HOTELS (Record no. 8100)

MARC details
000 -LEADER
fixed length control field 00348nam a22001457a 4500
020 ## - INTERNATIONAL STANDARD BOOK NUMBER
International Standard Book Number 81-8204-035-3
082 ## - DEWEY DECIMAL CLASSIFICATION NUMBER
Classification number 650
Item number SIN
100 ## - MAIN ENTRY--PERSONAL NAME
Personal name SINGH, R.K
245 ## - TITLE STATEMENT
Title SAFETY AND SECURITY IN HOTELS
260 ## - PUBLICATION, DISTRIBUTION, ETC. (IMPRINT)
Place of publication, distribution, etc DELHI
Name of publisher, distributor, etc AMAN PUBLISHER
Year of Publication 2007
300 ## - PAGE DESCRIPTION
No. of Pages 267
650 ## - SUBJECT ADDED ENTRY--TOPICAL TERM
Topical term or geographic name as entry element SEFETY AND SECURITY MANAGEMENT
653 ## - KEYWORDS--INDEX TERM
Keyword term SAFETY,SECURITY
942 ## - ADDED ENTRY ELEMENTS (KOHA)
Source of classification or shelving scheme Dewey Decimal Classification
Koha item type Books
Holdings
Withdrawn status Lost status Source of classification or shelving scheme Damaged status Not for loan Collection code Home library Current library Shelving location Date acquired Vendor Name Cost, normal purchase price SGTU Bill Number Total Checkouts Full call number Accession No. (Barcode) Date last seen Date last borrowed Bill Date Koha item type
    Dewey Decimal Classification     HOTEL MANAGEMENT SGT Science & Social Sciences Library SGT Science & Social Sciences Library Text Book 12/10/2015 JINDAL BOOK SERVICE 650.00 SGTU 1775 1 650 SIN HM588 07/12/2019 14/11/2019 07/09/2015 Books
    Dewey Decimal Classification     HOTEL MANAGEMENT SGT Science & Social Sciences Library SGT Science & Social Sciences Library Text Book 12/10/2015 JINDAL BOOK SERVICE 650.00 SGTU 1775   650 SIN HM589 12/10/2015   07/09/2015 Books